Test de rapidité - Mots de 7 lettres (Mort subite) - Statistiques

Statistiques générales
  • Ce quiz a été pris 146 fois
  • Le résultat moyen est 10 sur 30
Answers on the Grid
Answers color-coded by a green-red scale on the quiz's grid according to % correct below.
Cabanon
Rivière
Lucarne
Marmite
Torpeur
Spirale
Peluche
Anglais
Moisson
Fatigue
Murmure
Ficelle
Tambour
Souvent
Seconde
Baleine
Qualité
Octobre
Toucher
Imprévu
Exemple
Camping
Légende
Logique
Planète
Concave
Devenir
Ignorer
Naturel
Ciseaux
Histoire
Marmot
Montagne
Cabriole
Noisette
Escalier
Feutrine
Rideau
Livres
Écolière
Souris
Regard
Tigresse
Wagon
Mobilier
Réédition
Ultime
Avocat
Lumineux
Atterrir
 
Statistiques - réponses
Réponse % Correct
Qualité
42%
Lucarne
41%
Souvent
41%
Torpeur
40%
Baleine
38%
Naturel
38%
Anglais
37%
Peluche
37%
Toucher
37%
Ignorer
36%
Planète
36%
Exemple
35%
Ficelle
35%
Ciseaux
33%
Concave
33%
Fatigue
32%
Moisson
32%
Marmite
29%
Tambour
29%
Camping
28%
Légende
28%
Logique
28%
Octobre
28%
Cabanon
27%
Imprévu
27%
Murmure
27%
Seconde
27%
Devenir
26%
Rivière
26%
Spirale
26%
Aucun quiz correspondant
Distribution des résultats
% des personnes avec chaque résultat
Percentile par nombre de réponses
Votre historique - résultats
Vous n’avez pas pris ce quiz